000 01105ngm a2200277 4500
003 dpl
005 20090316173240.0
007 DVD
008 ||||||sp199 xxu|||||c ||| 00| 0 ng d
010 _aDVD-001804
024 _aVENT 0114
_c49.00
035 _aDVD-001804
040 _aDPL
_cDPL
082 _aDVD / PETP
245 _aPetpals- 5 /
_cDQ Entertainment Presents
_h[videorecording] DVD/
260 _bMoserbaer Entertainment
300 _a1 videodisc VCD;
_bsd., col. ;
_c4 3/4 in.
_fVCD
440 _aMoserbaer Home Entertainment
500 _aMoserbaer India Ltd. has obtained the necessary licence/conssent from the owner of the copyright in the wroks for making this DVD Film.
500 _afor kids of age 4 to 7 years
538 _aDolby Digital 5.1 -Englishi Subtitles: English
650 _aMotion Picture
942 _cCF
_2ddc
_hDVD
_mPETP
999 _c25283
_d25283